00485nam a2200157Ia 4500008004100000041000800041082001500049100001300064245002900077250002200106260002800128300001100156650003100167999001900198952011000217231207s9999 xx 000 0 und d aeng a658.31/SHA aS. Shane aOrganizational Behaviour a2005, 3rd Edition bTata mc graw hill Delhi aPB/688 aComnputer Program Language c946596d946596 00104070aMIMbMIMd2023-12-08g125.00l0o658.31/SHApMIM-MCA2389r2023-12-08 00:00:00w2023-12-08yBK